[Event "CRO-chT2 East"]
[Site "Croatia"]
[Date "2011.10.15"]
[Round "7"]
[White "Vernacki, Dusko"]
[Black "Mrkonjic, Nenad"]
[Result "1/2-1/2"]
[WhiteElo "2151"]
[BlackElo "2363"]
[PlyCount "66"]
[EventDate "2011.04.02"]
[EventType "tourn"]
[EventRounds "11"]
[EventCountry "CRO"]
[SourceTitle "EXT 2014"]
[Source "ChessBase"]
[SourceDate "2013.11.20"]
[SourceVersion "1"]
[SourceVersionDate "2013.11.20"]
[SourceQuality "1"]

1. e4 e5 2. Nf3 Nc6 3. Bb5 Nge7 4. c3 Ng6 5. d4 exd4 6. cxd4 Bb4+ 7. Nc3 0-0 8. 0-0 Bxc3 9. bxc3 d5 10. exd5 Qxd5 11. c4 Qd6 12. d5 Nce5 13. Nxe5 Qxe5 14. Ba3 Rd8 15. Re1 Qf4 16. g3 Qf6 17. Qe2 Bh3 18. Bb2 Qf5 19. Qe4 Qxe4 20. Rxe4 Bd7 21. Bxd7 Rxd7 22. Rae1 f6 23. h4 h5 24. Re8+ Rxe8 25. Rxe8+ Kf7 26. Ra8 a6 27. Ra7 b5 28. cxb5 axb5 29. d6 Rxd6 30. Rxc7+ Kg8 31. Rc5 b4 32. Rb5 Ra6 33. Rxb4 Rxa2 1/2-1/2

[Event "CRO-chT2 East"]
[Site "Croatia"]
[Date "2011.04.16"]
[Round "5"]
[White "Filipovic, Ivan"]
[Black "Vernacki, Dusko"]
[Result "0-1"]
[WhiteElo "2049"]
[BlackElo "2151"]
[PlyCount "44"]
[EventDate "2011.04.02"]
[EventType "tourn"]
[EventRounds "11"]
[EventCountry "CRO"]
[SourceTitle "EXT 2014"]
[Source "ChessBase"]
[SourceDate "2013.11.20"]
[SourceVersion "1"]
[SourceVersionDate "2013.11.20"]
[SourceQuality "1"]

1. e4 c6 2. d4 d5 3. f3 g6 4. Nc3 Bg7 5. Nge2 Nh6 6. Bf4 f6 7. Qd2 Nf7 8. exd5 cxd5 9. 0-0-0 0-0 10. g4 e5 11. Be3 Nc6 12. h4 Be6 13. dxe5 fxe5 14. Nxd5 Nd4 15. Bxd4 Qxd5 16. Bc3 Qxa2 17. b3 Rfd8 18. Qe1 Rxd1+ 19. Qxd1 Rc8 20. Bg2 Bf8 21. Bb2 Ba3 22. Bxa3 Qa1+ 0-1

[Event "CRO-chT2 East"]
[Site "Osijek"]
[Date "2010.04.24"]
[Round "5.15"]
[White "Zulj, Leon"]
[Black "Vernacki, Dusko"]
[Result "1/2-1/2"]
[WhiteElo "2234"]
[BlackElo "2145"]
[PlyCount "65"]
[EventDate "2010.04.17"]
[EventType "team-tourn"]
[EventRounds "11"]
[EventCountry "CRO"]
[SourceTitle "EXT 2012"]
[Source "ChessBase"]
[SourceDate "2011.11.24"]
[SourceVersion "1"]
[SourceVersionDate "2011.11.24"]
[SourceQuality "1"]

1. d4 Nf6 2. Nf3 e6 3. c4 Bb4+ 4. Bd2 Qe7 5. g3 Nc6 6. Bg2 Bxd2+ 7. Qxd2 Ne4 8. Qc2 Qb4+ 9. Nc3 Nxc3 10. Qxc3 Qxc3+ 11. bxc3 d6 12. Nd2 0-0 13. Rb1 Re8 14. 0-0 e5 15. e3 Nd8 16. Rb2 Rb8 17. Rfb1 b6 18. a4 Nb7 19. Bc6 Rd8 20. Nb3 Be6 21. Bxb7 Rxb7 22. Na5 Rbb8 23. Nc6 Bxc4 24. Nxb8 Rxb8 25. dxe5 dxe5 26. Rd2 Kf8 27. e4 Ke7 28. a5 g5 29. f3 b5 30. Kf2 c5 31. Ke3 Be6 32. Rdb2 a6 33. Rd2 1/2-1/2

[Event "CRO-chT2 East"]
[Site "Osijek"]
[Date "2010.04.17"]
[Round "2.15"]
[White "Vernacki, Dusko"]
[Black "Basrak, Srdjan"]
[Result "1-0"]
[WhiteElo "2145"]
[BlackElo "2279"]
[PlyCount "81"]
[EventDate "2010.04.17"]
[EventType "team-tourn"]
[EventRounds "11"]
[EventCountry "CRO"]
[SourceTitle "EXT 2012"]
[Source "ChessBase"]
[SourceDate "2011.11.24"]
[SourceVersion "1"]
[SourceVersionDate "2011.11.24"]
[SourceQuality "1"]

1. Nf3 Nc6 2. e4 g6 3. d4 Bg7 4. Nc3 d6 5. Be3 Nf6 6. h3 0-0 7. Qd2 Re8 8. 0-0-0 a5 9. Bb5 Bd7 10. e5 Na7 11. exf6 exf6 12. Bxd7 Qxd7 13. Rhe1 b5 14. Bh6 b4 15. Nd5 Bh8 16. Rxe8+ Rxe8 17. Re1 Re6 18. Nf4 Rxe1+ 19. Qxe1 c6 20. g4 Bg7 21. Bxg7 Kxg7 22. Nd2 Nb5 23. Qe3 Qc7 24. h4 h6 25. h5 g5 26. Ne2 c5 27. Qd3 Nxd4 28. Nxd4 cxd4 29. Qxd4 Qe7 30. b3 Qe6 31. Ne4 d5 32. Ng3 Qe1+ 33. Kb2 Qe6 34. Nf5+ Kh7 35. Qe3 Qc8 36. Qd3 Qd7 37. Ne3+ Kg8 38. Qxd5 Qc8 39. Qd4 Qc6 40. Nd5 a4 41. Ne7+ 1-0

[Event "CRO-Cup 18th"]
[Site "Sibenik"]
[Date "2009.05.20"]
[Round "1"]
[White "Franciskovic, Borka"]
[Black "Vernacki, Dusko"]
[Result "1-0"]
[WhiteElo "2262"]
[BlackElo "2143"]
[PlyCount "121"]
[EventDate "2009.05.20"]
[EventType "team-tourn"]
[EventRounds "5"]
[EventCountry "CRO"]
[SourceTitle "CBM 130 Extra"]
[Source "ChessBase"]
[SourceDate "2009.07.02"]
[SourceVersion "2"]
[SourceVersionDate "2009.07.15"]
[SourceQuality "1"]

1. c4 e6 2. Nc3 Bb4 3. Qc2 Nf6 4. a3 Bxc3 5. Qxc3 b6 6. d3 Bb7 7. Nf3 c5 8. b4 d6 9. e3 0-0 10. Be2 Nbd7 11. 0-0 Re8 12. Bb2 Qc7 13. Rfd1 h6 14. Rac1 a5 15. Nd2 axb4 16. axb4 e5 17. Ra1 Nf8 18. Rxa8 Rxa8 19. Ra1 Ne6 20. Rxa8+ Bxa8 21. Qa3 Qb8 22. Bc3 Ng5 23. Qa6 Qb7 24. Qxb7 Bxb7 25. f4 exf4 26. exf4 Ne6 27. g3 cxb4 28. Bxb4 Nd4 29. Bd1 d5 30. Bc3 Nf5 31. Bf3 Ne7 32. Kf2 Kf8 33. Bxf6 gxf6 34. Nb1 Bc6 35. Nc3 dxc4 36. dxc4 Bd7 37. Ke3 Nf5+ 38. Kd3 Ne7 39. Ne4 f5 40. Nc3 Nc8 41. Kd4 Ke7 42. Bb7 Nd6 43. Nd5+ Kd8 44. Ba6 b5 45. Bxb5 Nxb5+ 46. cxb5 Bxb5 47. Ke5 Be2 48. Kf6 Ke8 49. Ne3 Kf8 50. Nxf5 h5 51. Nd6 h4 52. Nxf7 hxg3 53. hxg3 Kg8 54. g4 Kh7 55. g5 Bd3 56. Ne5 Bb1 57. f5 Bc2 58. g6+ Kg8 59. Ng4 Bb3 60. Nh6+ Kh8 61. g7+ 1-0

[Event "CRO-chT2c"]
[Site "Croatia"]
[Date "2009.04.04"]
[Round "1"]
[White "Vernacki, Dusko"]
[Black "Kovacevic, Ivan"]
[Result "1/2-1/2"]
[WhiteElo "2143"]
[BlackElo "1929"]
[PlyCount "67"]
[EventDate "2009.04.04"]
[EventType "team-tourn"]
[EventRounds "11"]
[EventCountry "CRO"]
[SourceTitle "EXT 2010"]
[Source "ChessBase"]
[SourceDate "2010.11.25"]
[SourceVersion "1"]
[SourceVersionDate "2010.11.25"]
[SourceQuality "1"]

1. Nf3 d5 2. b3 Nf6 3. Bb2 c5 4. e3 a6 5. c4 e6 6. Be2 Nc6 7. 0-0 d4 8. exd4 cxd4 9. d3 e5 10. a3 a5 11. Re1 Bd6 12. Nbd2 0-0 13. Bf1 Re8 14. Qc2 b6 15. g3 Bb7 16. Bg2 Qd7 17. c5 Bxc5 18. Nc4 Qc7 19. Rac1 Nd7 20. h4 Rab8 21. Ng5 Na7 22. Bxb7 Qxb7 23. Ne4 Qd5 24. Nxa5 bxa5 25. Nxc5 Rec8 26. b4 axb4 27. axb4 Rxb4 28. Qd2 Rxb2 29. Qxb2 Nxc5 30. Qb6 Qb7 31. Qxb7 Nxb7 32. Rxc8+ Nxc8 33. Rxe5 Kf8 34. Rd5 1/2-1/2

[Event "CRO Cup 17th"]
[Site "Sibenik"]
[Date "2008.05.23"]
[Round "3"]
[White "Podobnik, Marijan"]
[Black "Vernacki, Dusko"]
[Result "1/2-1/2"]
[WhiteElo "2249"]
[BlackElo "2159"]
[PlyCount "27"]
[EventDate "2008.05.21"]
[EventType "swiss"]
[EventRounds "5"]
[EventCountry "CRO"]
[SourceTitle "CBM 124 Extra"]
[Source "ChessBase"]
[SourceDate "2008.07.03"]
[SourceVersion "1"]
[SourceVersionDate "2008.07.03"]
[SourceQuality "1"]

1. e4 c6 2. d4 d5 3. exd5 cxd5 4. c4 Nf6 5. Nc3 g6 6. cxd5 Bg7 7. Bb5+ Nbd7 8. d6 0-0 9. dxe7 Qxe7+ 10. Nge2 a6 11. Bd3 b5 12. 0-0 Bb7 13. Bg5 Rac8 14. Rc1 1/2-1/2